000 00957nam a2200337 a 4500
003 AR-BaBNM
005 20251128210302.0
008 082120s2002 ||||||||||||||000 | spa||
020 _a0-395-87757-1
040 _cAR-BaBNM
100 1 _aRich, Dorothy
245 0 0 _aMegaSkills
_bbuilding children's achievement for the information age
250 _a3ª ed. aum.
260 _aBoston
_bHoughton Mifflin
_c1997
300 _a363 p.
_bil.
500 _aContiene apéndices p. 312-343
650 4 _aCOMPETENCIAS
650 4 _aVALORES
650 4 _aCAPACIDAD
650 4 _aDESARROLLO DEL NIÑO
650 4 _aTECNICAS DIDACTICAS
650 4 _aJUEGOS EDUCATIVOS
650 4 _aACTIVIDADES DE APRENDIZAJE
650 4 _aMETODOS DE ENSEÑANZA
650 4 _aPARTICIPACION DE LOS PADRES
653 _aCONTENIDOS ACTITUDINALES
700 1 _aChase, Bob
_ecomentarista
700 1 _aBradley, Bill
_ecomentarista
942 _cBK
998 _cRaquel
999 _c14793
_d14793